| 000 | 00548nam a2200121 a 4500 | ||
|---|---|---|---|
| 008 | 120416s2004 ||||||||||||||||| || u | ||
| 050 | _aTHESIS | ||
| 100 | _aZulu, Joseph | ||
| 245 | 1 | 0 | _aSmall-scale indigenous firm formation and the promotion of local economic development of Ndola |
| 260 |
_aKitwe _bCopperbelt University, School of Built Environment, Department of Urban Regional Planning _c2004 |
||
| 350 | _a0.00 | ||
| 995 |
_D0.00 _FCBU-MAIN LIBRARY (Kitwe) _H1 _I0.00 _UAVAILABLE _ZUniversity Collection |
||
| 999 |
_c57605 _d57605 |
||